[Event "Landsturneringen NM i sjakk 2013"]
[Site "Radisson Blu Lillehammer Hotel"]
[Date "2013.06.29"]
[Round "7"]
[White "Gulbrandsen, Tor"]
[Black "Mihajlov, Svetoslav"]
[Result "0-1"]
[WhiteElo "1958"]
[BlackElo "2026"]
[PlyCount "77"]
[EventDate "2013.??.??"]

1. e4 c5 2. c3 d6 3. d4 Nf6 4. Bd3 Qa5 5. Ne2 cxd4 6. Nxd4 Nc6 7. O-O e6 8. Nd2
Be7 9. Nc4 Qc7 10. Bg5 a6 11. Re1 Ne5 12. Nxe5 dxe5 13. Nc2 O-O 14. Qf3 Rd8 15.
Rad1 b5 16. Ne3 Bb7 17. h4 Rxd3 18. Rxd3 Bxe4 19. Qe2 Bxd3 20. Qxd3 Rd8 21. Qe2
Nd5 22. Nxd5 Rxd5 23. c4 Rc5 24. cxb5 axb5 25. Be3 Rd5 26. Rc1 Qd7 27. g3 h6
28. Qc2 f5 29. Qc8+ Kf7 30. Qxd7 Rxd7 31. Kf1 g5 32. hxg5 hxg5 33. Ke2 e4 34.
a3 e5 35. Rc6 Rd5 36. Rc7 f4 37. Bd2 Ke6 38. Bc3 Bd6 39. g4 0-1

[Event "Landsturneringen NM i sjakk 2013"]
[Site "Radisson Blu Lillehammer Hotel"]
[Date "2013.06.29"]
[Round "7"]
[White "Thingstad, Even"]
[Black "Aulin-Jansson, Jøran"]
[Result "1-0"]
[WhiteElo "2277"]
[BlackElo "2188"]
[PlyCount "97"]
[EventDate "2013.??.??"]

1. d4 Nf6 2. c4 g6 3. Nc3 Bg7 4. e4 d6 5. f3 O-O 6. Be3 e5 7. Nge2 Nc6 8. d5
Ne7 9. g4 a6 10. Ng3 Rb8 11. Qd2 Bd7 12. h4 Ne8 13. h5 f5 14. gxf5 gxf5 15. h6
Bf6 16. Nh5 Ng6 17. O-O-O f4 18. Bf2 Be7 19. Bh3 b5 20. Qc2 bxc4 21. Rdg1 Bxh3
22. Rxh3 Qd7 23. Rgh1 Nf6 24. Ng7 Rb4 25. Be1 Rfb8 26. R3h2 a5 27. Nd1 R4b5 28.
Kb1 c6 29. Qxc4 cxd5 30. exd5 Rc5 31. Qd3 Rxd5 32. Qc2 Bf8 33. Nc3 Rc5 34. Nf5
d5 35. Rg1 e4 36. Nh4 Qf7 37. Rhg2 d4 38. Nxg6 hxg6 39. Rxg6+ Kh8 40. Bh4 Nd5
41. Rg8+ Qxg8 42. Rxg8+ Kxg8 43. Qg2+ Kh7 44. Nxd5 Rxd5 45. Qc2 Re8 46. Qc7+
Kxh6 47. Qc6+ Kh5 48. Qxe8+ Kxh4 49. Qxe4 1-0

[Event "Landsturneringen NM i sjakk 2013"]
[Site "Radisson Blu Lillehammer Hotel"]
[Date "2013.06.29"]
[Round "7"]
[White "Ulvin, Dag"]
[Black "Thanke, Bror"]
[Result "1/2-1/2"]
[WhiteElo "2212"]
[BlackElo "2106"]
[PlyCount "32"]
[EventDate "2013.??.??"]

1. e4 c5 2. Nf3 e6 3. d4 cxd4 4. Nxd4 a6 5. Bd3 Bc5 6. Nb3 Ba7 7. O-O Nc6 8.
Qg4 Nf6 9. Qxg7 Rg8 10. Qh6 Rg6 11. Qh3 e5 12. Nc3 d6 13. Qh4 Rg4 14. Qh6 Rg6
15. Qh4 Rg4 16. Qh6 Rg6 1/2-1/2

[Event "Landsturneringen NM i sjakk 2013"]
[Site "Radisson Blu Lillehammer Hotel"]
[Date "2013.06.29"]
[Round "7"]
[White "Stray, Gunnar"]
[Black "Lillevold, Frode"]
[Result "0-1"]
[WhiteElo "2032"]
[BlackElo "2067"]
[PlyCount "122"]
[EventDate "2013.??.??"]

1. d4 d5 2. Nf3 Nf6 3. e3 e6 4. Bd3 c5 5. b3 Nc6 6. Bb2 Bd6 7. O-O O-O 8. Nbd2
Qe7 9. Ne5 cxd4 10. exd4 Qc7 11. Re1 Nb4 12. Ba3 Nxd3 13. Bxd6 Qxd6 14. cxd3
Bd7 15. Ndf3 Rac8 16. Qd2 Rc7 17. Rec1 Rfc8 18. g3 Be8 19. Kg2 Nd7 20. Ng4 f6
21. Rxc7 Qxc7 22. Re1 Nf8 23. Ne3 Bh5 24. h4 Qc3 25. Qxc3 Rxc3 26. Rd1 Nd7 27.
Rd2 Kf8 28. g4 Bg6 29. h5 Be8 30. Ne1 Ke7 31. Rc2 Rxc2 32. N1xc2 Nb8 33. f4 Bb5
34. Ne1 Nc6 35. N3c2 a5 36. Kf3 Kd6 37. Ke3 Ne7 38. Nf3 Be8 39. Nh4 Kc6 40. a3
Kd6 41. Ne1 f5 42. Kf3 fxg4+ 43. Kxg4 Ng8 44. Nhg2 Nf6+ 45. Kg3 Bxh5 46. Nf3
Ng8 47. Ne3 Ne7 48. Kf2 Nc6 49. Nc2 Na7 50. Ke3 Nc6 51. Kf2 Ke7 52. Kg3 Kf6 53.
b4 axb4 54. axb4 Bxf3 55. Kxf3 Ne7 56. Na3 Nf5 57. Nb5 Ke7 58. Nc3 Nxd4+ 59.
Kg4 Kd6 60. Na4 Kc6 61. Nc3 Nc2 0-1

[Event "Landsturneringen NM i sjakk 2013"]
[Site "Radisson Blu Lillehammer Hotel"]
[Date "2013.06.29"]
[Round "7"]
[White "Johnsen, Kjell Magne"]
[Black "Vea, Odin Blikra"]
[Result "1/2-1/2"]
[WhiteElo "2005"]
[BlackElo "2184"]
[PlyCount "158"]
[EventDate "2013.??.??"]

1. d4 f5 2. Nf3 Nf6 3. Bg5 e6 4. Nbd2 Be7 5. Bxf6 Bxf6 6. e4 fxe4 7. Nxe4 Nc6
8. c3 b6 9. Bd3 Bb7 10. Qe2 Qe7 11. O-O-O O-O-O 12. Ba6 d6 13. Rhe1 Rhe8 14.
Bxb7+ Kxb7 15. Rd3 e5 16. d5 Nb8 17. c4 Qd7 18. Nfg5 Bxg5+ 19. Nxg5 Na6 20. Ne6
Rxe6 21. dxe6 Qxe6 22. Re3 Rf8 23. g3 Qf5 24. f3 Nb4 25. a3 Nc6 26. Qd3 Qh3 27.
Qd5 Qd7 28. f4 exf4 29. gxf4 Rxf4 30. Re7 Rxc4+ 31. Qxc4 Nxe7 32. Qf7 Qc6+ 33.
Kb1 Nd5 34. Qxg7 h5 35. Qh7 Nf6 36. Qf5 Ng4 37. Qxh5 Ne5 38. Qh7 Nf3 39. Rd1
Qa4 40. Rxd6 Qf4 41. Rd7 Nxh2 42. Qd3 Qe5 43. Rh7 a5 44. Rd7 Qe1+ 45. Ka2 Qe6+
46. Qd5+ Qxd5+ 47. Rxd5 Ng4 48. Kb3 Nf6 49. Rf5 Ne8 50. Rf8 Nd6 51. Kc3 Kc6 52.
Kd4 a4 53. Rf6 Kd7 54. Rg6 Kc6 55. Rg8 Nb7 56. Re8 Nc5 57. Kc4 Nb7 58. Rh8 Nd6+
59. Kb4 b5 60. Rb8 Nc4 61. Rxb5 Nxb2 62. Ka5 Nc4+ 63. Kxa4 Nb6+ 64. Kb4 Nd5+
65. Ka5 Nb6 66. Rh5 Nd5 67. a4 Kc5 68. Ka6 Kc4 69. Kb7 c5 70. a5 Nb4 71. a6
Nxa6 72. Kxa6 Kb4 73. Rh1 c4 74. Rb1+ Ka3 75. Kb5 c3 76. Kc4 c2 77. Rh1 Kb2 78.
Rh2 Kb1 79. Rxc2 Kxc2 1/2-1/2

[Event "Landsturneringen NM i sjakk 2013"]
[Site "Radisson Blu Lillehammer Hotel"]
[Date "2013.06.29"]
[Round "7"]
[White "Madland, Kristoffer"]
[Black "Olsen, Anders"]
[Result "0-1"]
[WhiteElo "2105"]
[BlackElo "1948"]
[PlyCount "94"]
[EventDate "2013.??.??"]

1. e4 e5 2. Nf3 Nc6 3. Bb5 a6 4. Ba4 Nge7 5. O-O g6 6. c3 Bg7 7. d4 exd4 8.
cxd4 b5 9. Bb3 O-O 10. Nc3 d6 11. h3 Na5 12. Bc2 c5 13. Bf4 Qb6 14. dxc5 dxc5
15. Bd6 Rd8 16. e5 Nc4 17. Ne4 Nf5 18. Qd5 Nfxd6 19. exd6 Bb7 20. Qxc5 Qxc5 21.
Nxc5 Bxf3 22. gxf3 Rxd6 23. Ne4 Rdd8 24. Bb3 Bxb2 25. Rad1 Be5 26. a4 Kg7 27.
Rc1 Rac8 28. axb5 axb5 29. Rfd1 Bf4 30. Rxd8 Rxd8 31. Rc2 Ne5 32. Kg2 b4 33.
Rc7 Rd7 34. Rc8 Rd3 35. Nc5 Rc3 36. Rc7 Kh6 37. Bxf7 Nxf7 38. Rxf7 Rxc5 39.
Rxf4 Rb5 40. Rd4 b3 41. Rd1 b2 42. Rb1 Kg5 43. Kf1 Kf4 44. Ke2 Rb6 45. h4 h5
46. Rd1 b1=Q 47. Rd6 Qb2+ 0-1

[Event "Landsturneringen NM i sjakk 2013"]
[Site "Radisson Blu Lillehammer Hotel"]
[Date "2013.06.29"]
[Round "7"]
[White "Gandrud, Vegar Koi"]
[Black "Andersen, Per O"]
[Result "1-0"]
[WhiteElo "2237"]
[BlackElo "1945"]
[PlyCount "81"]
[EventDate "2013.??.??"]

1. d4 Nf6 2. c4 c5 3. d5 b5 4. cxb5 a6 5. bxa6 g6 6. Nc3 Bxa6 7. e4 Bxf1 8.
Kxf1 d6 9. g3 Bg7 10. Kg2 O-O 11. Nf3 Nbd7 12. h3 Qa5 13. Re1 Rfb8 14. e5 dxe5
15. Nxe5 Nxe5 16. Rxe5 Rb7 17. Qe2 Qd8 18. Qf3 Ne8 19. Re2 Nd6 20. Bf4 Qa5 21.
Rae1 Bxc3 22. bxc3 Qd8 23. Bg5 f6 24. Bf4 Ra6 25. Bxd6 Rxd6 26. c4 Ra7 27. Qe3
Qc8 28. Qb3 Kf7 29. Re6 Rxe6 30. Rxe6 Ra6 31. Re2 Qc7 32. Qe3 Qe5 33. Qd2 Qg5
34. Qb2 Ra8 35. Rxe7+ Kxe7 36. Qb7+ Kd6 37. Qc6+ Ke7 38. Qxa8 Qc1 39. Qa7+ Kf8
40. Qxc5+ Kg8 41. d6 1-0

[Event "Landsturneringen NM i sjakk 2013"]
[Site "Radisson Blu Lillehammer Hotel"]
[Date "2013.06.29"]
[Round "7"]
[White "Laverton, Christian"]
[Black "Merkesvik, Sondre"]
[Result "1-0"]
[WhiteElo "2001"]
[BlackElo "1933"]
[PlyCount "59"]
[EventDate "2013.??.??"]

1. d4 Nf6 2. Nf3 g6 3. c4 Bg7 4. g3 O-O 5. Bg2 c5 6. O-O cxd4 7. Nxd4 Nc6 8.
Nc3 Qb6 9. Nb3 d6 10. a3 Be6 11. Nd5 Qd8 12. Bg5 Ng4 13. h3 h6 14. Bd2 Nge5 15.
Rc1 Rc8 16. f4 Nd7 17. Bc3 Re8 18. Kh2 Nc5 19. Bxg7 Kxg7 20. Nd2 a5 21. b3 f6
22. Ne4 f5 23. Nec3 Bf7 24. b4 axb4 25. axb4 Nd7 26. Nb5 Nb6 27. Qb3 e6 28.
Qb2+ e5 29. Nxb6 Qxb6 30. Nxd6 1-0

[Event "Landsturneringen NM i sjakk 2013"]
[Site "Radisson Blu Lillehammer Hotel"]
[Date "2013.06.29"]
[Round "7"]
[White "Woldseth, Ole"]
[Black "Martinsen, Stig K"]
[Result "1/2-1/2"]
[WhiteElo "1986"]
[BlackElo "2145"]
[PlyCount "99"]
[EventDate "2013.??.??"]

1. d4 d6 2. e4 Nf6 3. Nc3 g6 4. Be3 c6 5. Qd2 b5 6. f3 Nbd7 7. d5 b4 8. dxc6
bxc3 9. cxd7+ Bxd7 10. Qxc3 Bg7 11. Bc4 O-O 12. Qd2 Qc7 13. Bb3 a5 14. a4 Rfd8
15. Ne2 d5 16. exd5 Bc6 17. Nc3 Nxd5 18. Bxd5 Bxd5 19. Nxd5 Qb7 20. c4 e6 21.
Rd1 exd5 22. cxd5 Qxb2 23. Qxb2 Bxb2 24. Kf2 Rac8 25. Rhe1 Rc4 26. Re2 Bf6 27.
Ra2 Be7 28. Bb6 Bc5+ 29. Bxc5 Rxc5 30. Rad2 Rc4 31. Rd4 Rxd4 32. Rxd4 Kf8 33.
Ke3 Ke7 34. Kd3 Kd6 35. Rc4 Rb8 36. Kd4 Rb2 37. Rc6+ Kd7 38. Ra6 Rxg2 39. Rxa5
Rxh2 40. Ra7+ Kd6 41. Ra6+ Kd7 42. Kc5 Rc2+ 43. Kb6 Rb2+ 44. Ka7 h5 45. Rb6
Rxb6 46. Kxb6 h4 47. a5 h3 48. a6 h2 49. a7 h1=Q 50. a8=Q 1/2-1/2

[Event "Landsturneringen NM i sjakk 2013"]
[Site "Radisson Blu Lillehammer Hotel"]
[Date "2013.06.29"]
[Round "7"]
[White "Lindsøe, Fredrik Aunan"]
[Black "Johnsen, Øystein"]
[Result "1-0"]
[WhiteElo "2008"]
[BlackElo "2031"]
[PlyCount "61"]
[EventDate "2013.??.??"]

1. Nf3 Nf6 2. d4 d5 3. c4 e6 4. g3 Be7 5. Bg2 O-O 6. O-O Nbd7 7. Qc2 c6 8. Rd1
b6 9. Nc3 Bb7 10. e4 dxe4 11. Ne5 Qc8 12. Nxd7 Qxd7 13. Nxe4 Rfd8 14. Bf4 Rac8
15. c5 Nxe4 16. Bxe4 g6 17. Qa4 Ba8 18. Rac1 g5 19. Be3 f5 20. Bf3 b5 21. Qb3
g4 22. Bg2 Kf7 23. Bf4 Bf6 24. Bd6 h5 25. h4 gxh3 26. Bxh3 Rh8 27. Bxf5 a5 28.
Re1 Rce8 29. Bc2 Reg8 30. Qf3 Rg4 31. Rxe6 1-0

[Event "Landsturneringen NM i sjakk 2013"]
[Site "Radisson Blu Lillehammer Hotel"]
[Date "2013.06.29"]
[Round "7"]
[White "Andreassen, Arnold"]
[Black "Machlik, Monika"]
[Result "1-0"]
[WhiteElo "1979"]
[BlackElo "1933"]
[PlyCount "89"]
[EventDate "2013.??.??"]

1. e4 Nf6 2. e5 Nd5 3. Nc3 Nxc3 4. dxc3 Nc6 5. Nf3 g6 6. Bc4 Bg7 7. Bf4 O-O 8.
Qe2 a6 9. O-O-O Na5 10. Bd5 c6 11. Be4 b5 12. h4 Nc4 13. h5 d5 14. Bd3 Qa5 15.
a3 c5 16. hxg6 fxg6 17. Bh6 Rf7 18. e6 Bxh6+ 19. Rxh6 Rg7 20. Bxc4 dxc4 21. Ng5
Bb7 22. Rdh1 Qc7 23. Nxh7 Qf4+ 24. Qe3 Qxe3+ 25. fxe3 Rxh7 26. Rxh7 Bxg2 27.
R1h2 Bf3 28. Rh8+ Kg7 29. Rxa8 Bxa8 30. Rf2 Bd5 31. Rf7+ Kg8 32. Rxe7 Kf8 33.
Rf7+ Ke8 34. Rg7 Bxe6 35. Rxg6 Kd7 36. e4 Kd6 37. Kd2 Ke5 38. Ke3 a5 39. Rg7 b4
40. Ra7 bxc3 41. bxc3 Bg4 42. Rxa5 Bd1 43. Rxc5+ Ke6 44. Rxc4 Bxc2 45. a4 1-0

[Event "Landsturneringen NM i sjakk 2013"]
[Site "Radisson Blu Lillehammer Hotel"]
[Date "2013.06.29"]
[Round "7"]
[White "Pedersen, Øyvind"]
[Black "Grønnestad, Anita"]
[Result "0-1"]
[WhiteElo "1960"]
[BlackElo "1895"]
[PlyCount "64"]
[EventDate "2013.??.??"]

1. e4 c5 2. c3 e6 3. d4 d5 4. exd5 exd5 5. Nf3 Nc6 6. Bd3 Nf6 7. O-O cxd4 8.
cxd4 Be7 9. Nc3 O-O 10. h3 Re8 11. Qb3 Na5 12. Qc2 Nc6 13. a3 Be6 14. Be3 h6
15. Rac1 Rc8 16. Qe2 Bd6 17. Bb1 Ne7 18. Nh4 Qd7 19. Qd3 g5 20. Nf3 Bf5 21. Qd2
Bxb1 22. Rxb1 Ne4 23. Nxe4 dxe4 24. Nh2 Bxh2+ 25. Kxh2 Nf5 26. Rbc1 Rxc1 27.
Rxc1 Re6 28. Qc3 Rc6 29. Qd2 Nxe3 30. Re1 Nf5 31. Rxe4 Qc7+ 32. g3 Kg7 0-1

[Event "Landsturneringen NM i sjakk 2013"]
[Site "Radisson Blu Lillehammer Hotel"]
[Date "2013.06.29"]
[Round "7"]
[White "Bryn, Askild"]
[Black "Haanshuus, Aslak"]
[Result "1-0"]
[WhiteElo "2052"]
[BlackElo "2031"]
[PlyCount "73"]
[EventDate "2013.??.??"]

1. e4 c5 2. Nc3 Nc6 3. f4 e6 4. Nf3 b6 5. d4 cxd4 6. Nxd4 Bb7 7. Nxc6 dxc6 8.
Qf3 Qc7 9. Bd3 Nf6 10. g4 O-O-O 11. Bd2 Nd7 12. O-O-O e5 13. f5 Nc5 14. Be2 f6
15. h4 Be7 16. g5 Rd6 17. Be3 Rxd1+ 18. Rxd1 Nd7 19. Bc4 Kb8 20. Qh5 Bc5 21.
Bd2 b5 22. Be6 Bc8 23. Bxd7 Qxd7 24. Qf3 Qe7 25. Be3 Bb6 26. Bxb6 axb6 27. Qe3
Kc7 28. gxf6 gxf6 29. Rg1 Rd8 30. h5 Rd4 31. h6 Qd8 32. Ne2 Rd7 33. Rg7 Rxg7
34. hxg7 Qg8 35. Qh6 Qc4 36. Qxh7 Qxe2 37. g8=Q+ 1-0

[Event "Landsturneringen NM i sjakk 2013"]
[Site "Radisson Blu Lillehammer Hotel"]
[Date "2013.06.29"]
[Round "8"]
[White "Forså, Espen"]
[Black "Christiansen, Johan-Sebastian"]
[Result "0-1"]
[WhiteElo "2287"]
[BlackElo "2089"]
[PlyCount "102"]
[EventDate "2013.??.??"]

1. d4 d5 2. c4 dxc4 3. e3 b5 4. a4 b4 5. Bxc4 Nf6 6. Nf3 e6 7. O-O Be7 8. Ne5
Bb7 9. a5 O-O 10. a6 Bd5 11. Nd2 c5 12. dxc5 Qc8 13. Qa4 Qxc5 14. Nd3 Qc7 15.
b3 Bc6 16. Qa5 Qxa5 17. Rxa5 Nbd7 18. Bb2 Rfd8 19. Bd4 Nb6 20. Ne5 Nxc4 21.
bxc4 Rdc8 22. Rfa1 Nd7 23. Nd3 f6 24. e4 Rd8 25. Be3 Nb6 26. Nc5 Rxd2 27. Bxd2
Nxc4 28. Nb3 Nxa5 29. Nxa5 Bxe4 30. f3 Bd3 31. Be3 Bb5 32. Nb3 Bc4 33. Nc5 Rc8
34. Ne4 Rc7 35. Nd2 Bd5 36. Kf1 f5 37. Ke2 Kf7 38. Rb1 Rc6 39. Ra1 Bc5 40. Bxc5
Rxc5 41. Rb1 Rb5 42. Rc1 b3 43. Rc7+ Kf6 44. Kd3 Ra5 45. Rxa7 Ra1 46. h4 h5 47.
g3 Kg6 48. f4 Kf6 49. Rb7 Rxa6 50. Rb8 Ra1 51. Nxb3 Ra3 0-1

[Event "Landsturneringen NM i sjakk 2013"]
[Site "Radisson Blu Lillehammer Hotel"]
[Date "2013.06.29"]
[Round "8"]
[White "Olsen, Anders"]
[Black "Johnsen, Kjell Magne"]
[Result "1/2-1/2"]
[WhiteElo "1948"]
[BlackElo "2005"]
[PlyCount "22"]
[EventDate "2013.??.??"]

1. d4 Nf6 2. c4 e6 3. g3 d5 4. Nf3 Be7 5. Bg2 O-O 6. O-O dxc4 7. Qc2 a6 8. Qxc4
b5 9. Qc2 Bb7 10. Bd2 Ra7 11. Rd1 Be4 1/2-1/2

[Event "Landsturneringen NM i sjakk 2013"]
[Site "Radisson Blu Lillehammer Hotel"]
[Date "2013.06.29"]
[Round "8"]
[White "Andersen, Per O"]
[Black "Bryn, Askild"]
[Result "0-1"]
[WhiteElo "1945"]
[BlackElo "2052"]
[PlyCount "126"]
[EventDate "2013.??.??"]

1. d4 g6 2. Nc3 Bg7 3. e4 d6 4. Be3 c6 5. Qd2 Nd7 6. Nf3 Qc7 7. a4 h6 8. Be2
Ngf6 9. h3 e5 10. O-O g5 11. Nh2 Nf8 12. d5 Ng6 13. dxc6 bxc6 14. Rab1 O-O 15.
Ng4 Bxg4 16. Bxg4 Rfd8 17. g3 d5 18. exd5 cxd5 19. Nb5 Qe7 20. Qe2 a6 21. Na3
Qb4 22. Bf5 Ne7 23. c3 Qxa4 24. Bc2 Qd7 25. Rfe1 Qxh3 26. Qf1 Qxf1+ 27. Kxf1
Nc6 28. Ba4 Rac8 29. Bb6 Rd6 30. Bc5 Re6 31. b4 Ne4 32. Rbc1 Nxc5 33. bxc5 Bf8
34. Rcd1 Bxc5 35. Nc2 Ne7 36. Bd7 Rf6 37. Ne3 Bxe3 38. Rxe3 Rc7 39. Bg4 e4 40.
Ra1 Rfc6 41. Ra3 f5 42. Bh5 f4 43. gxf4 gxf4 44. Rh3 f3 45. Rg3+ Kf8 46. Kg1
Nf5 47. Rg4 Rg7 48. Kh2 Ke7 49. Rb3 Rxg4 50. Bxg4 Nd6 51. Kg3 Nb5 52. Rb1 Nxc3
53. Rb7+ Kd6 54. Kf4 a5 55. Rd7+ Kc5 56. Ke5 Kc4 57. Be6 Rc5 58. Rb7 a4 59. Ra7
Rb5 60. Rc7+ Kb3 61. Kd4 Rb4+ 62. Ke3 Kb2 63. Rc5 a3 0-1

[Event "Landsturneringen NM i sjakk 2013"]
[Site "Radisson Blu Lillehammer Hotel"]
[Date "2013.06.29"]
[Round "8"]
[White "Grønnestad, Anita"]
[Black "Madland, Kristoffer"]
[Result "1/2-1/2"]
[WhiteElo "1895"]
[BlackElo "2105"]
[PlyCount "60"]
[EventDate "2013.??.??"]

1. c4 c6 2. Nf3 Nf6 3. e3 d5 4. Nc3 e6 5. Qc2 Nbd7 6. d4 Bd6 7. cxd5 exd5 8.
Bd3 O-O 9. Bd2 Qe7 10. O-O Re8 11. Ne2 Ne4 12. Ng3 Nf8 13. Bc3 Ng6 14. Nd2 f5
15. Rfe1 Nh4 16. Ndxe4 fxe4 17. Bf1 Qg5 18. a3 Nf5 19. Bb4 Bc7 20. a4 Re6 21.
f4 Qg6 22. Qf2 Nxg3 23. hxg3 Rf6 24. Be7 Rf7 25. Ba3 Bg4 26. Rac1 Bd6 27. Bxd6
Qxd6 28. a5 a6 29. Qc2 Qg6 30. Kf2 Qh5 1/2-1/2

[Event "Landsturneringen NM i sjakk 2013"]
[Site "Radisson Blu Lillehammer Hotel"]
[Date "2013.06.29"]
[Round "8"]
[White "Gandrud, Vegar Koi"]
[Black "Ulvin, Dag"]
[Result "1/2-1/2"]
[WhiteElo "2237"]
[BlackElo "2212"]
[PlyCount "35"]
[EventDate "2013.??.??"]

1. d4 d5 2. c4 e6 3. Nf3 Nf6 4. g3 dxc4 5. Bg2 Bb4+ 6. Bd2 a5 7. O-O O-O 8. Qc2
Bxd2 9. Nbxd2 b5 10. b3 cxb3 11. Nxb3 Bb7 12. Rfc1 Nbd7 13. Qxc7 Bd5 14. Ne5
Bxg2 15. Nxd7 Nxd7 16. Kxg2 a4 17. Qxd8 Rfxd8 18. Nc5 1/2-1/2

[Event "Landsturneringen NM i sjakk 2013"]
[Site "Radisson Blu Lillehammer Hotel"]
[Date "2013.06.29"]
[Round "8"]
[White "Vea, Odin Blikra"]
[Black "Laverton, Christian"]
[Result "1/2-1/2"]
[WhiteElo "2184"]
[BlackElo "2001"]
[PlyCount "104"]
[EventDate "2013.??.??"]

1. e4 c5 2. Nf3 e6 3. d4 cxd4 4. Nxd4 Nc6 5. Nc3 Qc7 6. g3 a6 7. Bg2 Nf6 8. O-O
Nxd4 9. Qxd4 Bc5 10. Qd3 d6 11. a4 Nd7 12. a5 Ne5 13. Qe2 Bd7 14. Kh1 O-O 15.
f4 Nc6 16. f5 Bd4 17. Be3 Bxe3 18. Qxe3 Ne5 19. f6 Qc5 20. Qg5 Ng6 21. Qd2 Bc6
22. h4 Qe5 23. Qg5 Rad8 24. Rad1 Rd7 25. Qxe5 Nxe5 26. fxg7 Kxg7 27. Rd4 Ng4
28. Re1 Rfd8 29. Kg1 Kf8 30. Bh3 Ne5 31. Kf2 Rc7 32. Bf1 Ke7 33. Rb4 Rdc8 34.
Rd1 Rg8 35. Be2 Rf8 36. Ke3 h6 37. Rbd4 Rd8 38. R4d2 Be8 39. Na2 Bb5 40. Bxb5
axb5 41. b3 Rc5 42. c3 Rc6 43. Rc2 Ra6 44. b4 Rg8 45. Rg1 h5 46. Nc1 b6 47.
axb6 Nc4+ 48. Kf2 Nxb6 49. Ne2 e5 50. g4 hxg4 51. Ng3 d5 52. h5 Nc4 1/2-1/2

[Event "Landsturneringen NM i sjakk 2013"]
[Site "Radisson Blu Lillehammer Hotel"]
[Date "2013.06.29"]
[Round "8"]
[White "Andreassen, Arnold"]
[Black "Lindsøe, Fredrik Aunan"]
[Result "1-0"]
[WhiteElo "1979"]
[BlackElo "2008"]
[PlyCount "107"]
[EventDate "2013.??.??"]

1. e4 c5 2. Nc3 Nc6 3. Bb5 g6 4. Bxc6 dxc6 5. d3 Bg7 6. f4 Nf6 7. Nf3 O-O 8.
O-O Qc7 9. Qe1 h6 10. Qh4 Nh7 11. Qg3 a5 12. Be3 a4 13. e5 Ra5 14. a3 Bf5 15.
Nd2 b6 16. Qf3 Be6 17. Nc4 Raa8 18. Qg3 Bd5 19. Nd2 Qd7 20. f5 g5 21. Nce4 Qc7
22. d4 cxd4 23. Bxd4 Rfd8 24. Bc3 Bxe4 25. Nxe4 Rd5 26. f6 exf6 27. exf6 Qxg3
28. Nxg3 Bf8 29. Rae1 g4 30. Rf5 Bc5+ 31. Kf1 Nf8 32. Re4 Ng6 33. Rxd5 cxd5 34.
Rxg4 b5 35. h4 h5 36. Nxh5 Ra6 37. Rg5 d4 38. Rxc5 dxc3 39. Rxc3 Nxh4 40. Rc5
Rb6 41. g4 Kh7 42. g5 b4 43. Nf4 bxa3 44. bxa3 Nf3 45. Kf2 Nd4 46. Rc7 Kg8 47.
Rc8+ Kh7 48. g6+ fxg6 49. f7 Rf6 50. f8=Q Rxf8 51. Rxf8 Nxc2 52. Ra8 Nxa3 53.
Rxa4 Nb5 54. Kf3 1-0

[Event "Landsturneringen NM i sjakk 2013"]
[Site "Radisson Blu Lillehammer Hotel"]
[Date "2013.06.29"]
[Round "8"]
[White "Salomon, Johan"]
[Black "Thingstad, Even"]
[Result "1/2-1/2"]
[WhiteElo "2230"]
[BlackElo "2277"]
[PlyCount "131"]
[EventDate "2013.??.??"]

1. e4 c6 2. d4 d5 3. Nc3 dxe4 4. Nxe4 Bf5 5. Ng3 Bg6 6. h4 h6 7. Nf3 Nd7 8. h5
Bh7 9. Bd3 Bxd3 10. Qxd3 e6 11. Bd2 Ngf6 12. O-O-O Be7 13. Kb1 O-O 14. Ne4 Nxe4
15. Qxe4 Nf6 16. Qe2 Qd5 17. Be3 b5 18. Ne5 Rfd8 19. g4 Nh7 20. Rhg1 Bf6 21. f4
Bxe5 22. fxe5 Qe4 23. Qf2 Ng5 24. Bxg5 hxg5 25. h6 c5 26. Rdf1 Qf4 27. Qe2 Qxd4
28. hxg7 Kxg7 29. Qf3 Qf4 30. Qb7 Rab8 31. Qe7 Re8 32. Qxc5 Rec8 33. Qxa7 Ra8
34. Qd7 Rd8 35. Qe7 Re8 36. Qxe8 Rxe8 37. Rxf4 gxf4 38. Rf1 Rd8 39. c3 Rd5 40.
Rxf4 Rxe5 41. Kc2 f5 42. gxf5 exf5 43. c4 Kf6 44. cxb5 Rxb5 45. a4 Rb8 46. Kc3
Ke5 47. Rf1 Rc8+ 48. Kb4 Rb8+ 49. Ka3 f4 50. b4 Rf8 51. a5 f3 52. Ka4 Kd6 53.
Rf2 Kc6 54. b5+ Kb7 55. Kb4 Rf4+ 56. Kc5 Rf5+ 57. Kc4 Rf4+ 58. Kc3 Rf5 59. Kc4
Rf4+ 60. Kd3 Rf5 61. a6+ Kb6 62. Ke3 Rxb5 63. Ra2 Ka7 64. Kxf3 Rb6 65. Ke4 Rxa6
66. Rxa6+ 1/2-1/2

[Event "Landsturneringen NM i sjakk 2013"]
[Site "Radisson Blu Lillehammer Hotel"]
[Date "2013.06.29"]
[Round "8"]
[White "Mihajlov, Svetoslav"]
[Black "Fossan, Petter"]
[Result "1/2-1/2"]
[WhiteElo "2026"]
[BlackElo "2168"]
[PlyCount "41"]
[EventDate "2013.??.??"]

1. d4 Nf6 2. c4 g6 3. Nc3 Bg7 4. e4 d6 5. Nf3 O-O 6. h3 e5 7. d5 Na6 8. Bg5 h6
9. Be3 Nc5 10. Nd2 a5 11. g4 c6 12. Qc2 Bd7 13. O-O-O a4 14. a3 Qa5 15. Be2
cxd5 16. exd5 Rac8 17. Kb1 Ne8 18. Nb5 Na6 19. Na7 Rc7 20. Qc3 Qxc3 21. bxc3
1/2-1/2

[Event "Landsturneringen NM i sjakk 2013"]
[Site "Radisson Blu Lillehammer Hotel"]
[Date "2013.06.29"]
[Round "8"]
[White "Machlik, Monika"]
[Black "Pedersen, Øyvind"]
[Result "1-0"]
[WhiteElo "1933"]
[BlackElo "1960"]
[PlyCount "71"]
[EventDate "2013.??.??"]

1. d4 Nf6 2. c4 c5 3. d5 b5 4. Qc2 bxc4 5. e4 d6 6. Bxc4 g6 7. Nf3 Bg7 8. O-O
O-O 9. h3 Ba6 10. Na3 Bxc4 11. Nxc4 Nbd7 12. Rb1 Nb6 13. b3 Nxc4 14. bxc4 Rb8
15. Bd2 Qc7 16. Bc3 Rxb1 17. Rxb1 Rb8 18. e5 Ne8 19. exd6 exd6 20. Bxg7 Kxg7
21. Qc3+ Kg8 22. Re1 Ng7 23. Ng5 Re8 24. Ne4 Kf8 25. Re3 h5 26. Qf6 Nf5 27.
Qh8+ Ke7 28. Nxd6+ Nxe3 29. Nxe8 Qa5 30. Qe5+ Kd8 31. Qxe3 Qxa2 32. d6 Qb1+ 33.
Kh2 Qb7 34. Nf6 Qc6 35. Qe7+ Kc8 36. d7+ 1-0

[Event "Landsturneringen NM i sjakk 2013"]
[Site "Radisson Blu Lillehammer Hotel"]
[Date "2013.06.29"]
[Round "8"]
[White "Johnsen, Øystein"]
[Black "Martinsen, Stig K"]
[Result "0-1"]
[WhiteElo "2031"]
[BlackElo "2145"]
[PlyCount "76"]
[EventDate "2013.??.??"]

1. d4 Nf6 2. Nf3 g6 3. c4 Bg7 4. Qc2 d6 5. e4 O-O 6. h3 Nc6 7. Be3 e5 8. Nc3
Nxe4 9. Nxe4 f5 10. Nc3 exd4 11. Bg5 Qe8+ 12. Ne2 f4 13. O-O-O Bf5 14. Qb3 Na5
15. Qb5 c6 16. Qxa5 Qe4 17. Qa4 Qb1+ 18. Kd2 Qxb2+ 19. Ke1 Bc2 20. Qa5 Bxd1 21.
Kxd1 d3 22. Qd2 dxe2+ 23. Bxe2 Qb1+ 24. Qc1 Qf5 25. g4 fxg3 26. fxg3 Rae8 27.
Bf4 Qe6 28. Qc2 h6 29. h4 Rf6 30. Bd3 Qg4 31. Be2 Qe6 32. Bd3 Qf7 33. h5 g5 34.
Bg6 Rxg6 35. hxg6 Qf6 36. Nxg5 hxg5 37. Re1 Rxe1+ 38. Kxe1 gxf4 0-1

[Event "Landsturneringen NM i sjakk 2013"]
[Site "Radisson Blu Lillehammer Hotel"]
[Date "2013.06.29"]
[Round "8"]
[White "Lillevold, Frode"]
[Black "Hobber, Anders"]
[Result "0-1"]
[WhiteElo "2067"]
[BlackElo "2287"]
[PlyCount "142"]
[EventDate "2013.??.??"]

1. d4 d5 2. c4 e6 3. Nc3 Nf6 4. cxd5 exd5 5. Bg5 c6 6. e3 Be7 7. Bd3 O-O 8. Qc2
Nbd7 9. Nge2 Re8 10. f3 Nf8 11. O-O g6 12. Kh1 Ne6 13. Bh4 Nh5 14. Bxe7 Qxe7
15. Rae1 Bd7 16. Qd2 Qh4 17. e4 dxe4 18. fxe4 Rad8 19. e5 Nxd4 20. g3 Qg4 21.
Nxd4 Qxd4 22. Re4 Qc5 23. b4 Qe7 24. Qh6 Qf8 25. Qe3 Be6 26. Rh4 f5 27. Be2 Nf6
28. exf6 Bd5+ 29. Nxd5 Rxe3 30. Nxe3 Qxf6 31. Rhf4 Qc3 32. Ng2 Rd2 33. Bc4+ Kg7
34. Nh4 Rd4 35. Rxd4 Qxd4 36. Bb3 Qxb4 37. Ng2 c5 38. h4 b5 39. Kh2 c4 40. Bc2
Qd2 41. Bb1 c3 42. Kg1 c2 43. Bxc2 Qxc2 44. Rf2 Qb1+ 45. Kh2 a5 46. Nf4 b4 47.
Rd2 a4 48. Nd3 b3 49. axb3 axb3 50. Nb2 Qe1 51. Rg2 f4 52. Nd3 fxg3+ 53. Rxg3
Qd2+ 54. Kh3 b2 55. Nxb2 Qxb2 56. h5 Kh6 57. hxg6 hxg6 58. Rf3 Kh5 59. Kg3 g5
60. Re3 Qd4 61. Re2 Qf4+ 62. Kg2 Kh4 63. Rf2 Qe4+ 64. Kh2 Qe3 65. Kh1 g4 66.
Rh2+ Kg5 67. Rg2 Qe1+ 68. Rg1 Qh4+ 69. Kg2 Qh3+ 70. Kf2 Qf3+ 71. Ke1 g3 0-1